000 00790cam a22002657a 4500
003 CHAP
005 20220329141507.0
008 971013s1988 r 00010 d
010 _a69028
011 _a70000
035 _a79479
040 _cCHAP
082 _a510.03
_bD52
245 0 _aDiccionario de matemáticas; nivel bachillerato
260 _aMéxico :
_bAlhambra mexicana,
_c1988
300 _a311 p.
590 _aBATCH-UPD
_b10
_c20130110
_lUCH01
_h1154
590 _aBATCH-UPD
_b10
_c20130410
_lUCH01
_h0737
590 _aBATCH-UPD
_b10
_c20130914
_lUCH01
_h1803
590 _aCONVERSION
_b10
_c20130109
_lUCH01
_h1338
650 1 4 _aMatemáticas
_xDiccionarios.
_972903
901 _aBK
942 _cLIBRO
949 _a510.03 D52
_bBC
_cC
_d-32368
_eC
_gI. c/e
_h76230
_i79479
_si
_t38.00
999 _c69028
_d69028